000 01664nam0a2200313 i 4500
001 RU\NLR\BIBL_A\010543625
005 20241103201907.0
010 _a9785696045542
_950
021 _aRU
_b2014-70307
_94311
035 _a(NILC)RuMoRGB-007554032
035 _a(NLR Aleph) 010543625
090 _a10305976
_c10305976
100 _a20141124d2014 km y0rusy50 ca
101 0 _arus
102 _aRU
105 _aa|||z|||000yy
200 1 _aИнституциональные проблемы развития экономики Челябинской области
_eсборник научных трудов
_fМ-во образования и науки Российской Федерации, Южно-Уральский гос. ун-т, Фил. в г. Озерске, Каф. "Экономика, финансы"
_gпод ред. Т. В. Летаевой
210 _aЧелябинск
_cЮУрГУ
_d2014
215 _a83, [2] с.
_cил., табл.
_d21
320 _aБиблиогр. в конце ст.
607 _aЧелябинская область
_jСборники
_xНародное хозяйство
_91596504
_3RU\NLR\AUTH\66702250
686 1 _aУ03(2Р-4Че)я43
702 1 _aЛетаева
_bТ. В.
_gТатьяна Валерьевна
_4340
712 0 2 _4570
_aЮжно-Уральский государственный университет
_bФилиал
_bКафедра "Экономика, финансы"
_cЧелябинск
_cОзерск
_9433248
_3RU\NLR\AUTH\880383516
801 0 _aRU
_bРГБ
_c20140917
_gRCR
942 _cBOOK
980 _aNBR